<The> role and governance of the IMF: further reflections on reform panel discussion : sunday, october 12, 2008

Guardado en:
Detalles Bibliográficos
Autor principal: Fischer, Stanley
Formato: Libro
Lenguaje:inglés
Publicado: Washington, D.C. Per Jacobsson Foundation 2008
Colección:<The> Per Jacobsson lecture
Materias:
Etiquetas: Agregar Etiqueta
Sin Etiquetas, Sea el primero en etiquetar este registro!

MARC

LEADER 00000nam$a2200000$$$4500
001 0125529
005 20240313133452.5
041 0 |a eng 
044 |a US 
245 1 0 |a <The> role and governance of the IMF: further reflections on reform  |b panel discussion : sunday, october 12, 2008  |c Stanley Fischer ... [et al.] 
264 1 |a Washington, D.C.  |b Per Jacobsson Foundation  |c 2008 
300 |a 33 s. 
490 1 |a <The> Per Jacobsson lecture 
830 0 |a <The> Per Jacobsson lecture 
610 2 0 |a Medzinárodný menový fond 
100 1 |a Fischer, Stanley